ՀՀ Գիտությունների ազգային ակադեմիայի հիմնարար գիտական գրադարան  =   Fundamental Scientific Library of NAS RA

Труды Архива Академии наук СССР / (Record no. 471879)

MARC details
000 -LEADER
fixed length control field 01228nam a2200193 a 4500
001 - CONTROL NUMBER
control field 000167857
003 - CONTROL NUMBER IDENTIFIER
control field AM-YeHGA
005 - DATE AND TIME OF LATEST TRANSACTION
control field 20250617161445.0
008 - FIXED-LENGTH DATA ELEMENTS--GENERAL INFORMATION
fixed length control field 030329s1937 ||||||||||||||||||||rus|c
040 ## - CATALOGING SOURCE
Original cataloging agency AM-YeHGA
090 ## - LOCALLY ASSIGNED LC-TYPE CALL NUMBER (OCLC); LOCAL CALL NUMBER (RLIN)
-- 475140
110 1# - MAIN ENTRY--CORPORATE NAME
Corporate name or jurisdiction name as entry element Академия наук СССР.
Subordinate unit Архив
245 10 - TITLE STATEMENT
Title Труды Архива Академии наук СССР /
Statement of responsibility, etc. АН СССР. Архив.
260 ## - PUBLICATION, DISTRIBUTION, ETC.
Place of publication, distribution, etc. Ленинград ;
-- Москва :
Name of publisher, distributor, etc. Изд-во АН СССР,
Date of publication, distribution, etc. 1937-.
300 ## - PHYSICAL DESCRIPTION
Extent вып.
505 10 - FORMATTED CONTENTS NOTE
Miscellaneous information Вып. 3 (1937, 403 с.) :
Title Рукописи Ломоносова в Академи наук СССР : Научное описание /
Statement of responsibility М.В. Ломоносов
Miscellaneous information Вып. 8 (1949, 156 с.) :
Title Рукописные материалы И.П. Павлова в ахиве Академии Наук СССР : Научное описание /
Statement of responsibility И.П. Павлов
Miscellaneous information Вып. 11 (1953, 734 с.) :
Title Рукописные материалы И.П. Кулибина в архиве Академии Наук СССР : Научное описание с приложением текстов и чертежей /
Statement of responsibility И.П. Кулибин
650 14 - SUBJECT ADDED ENTRY--TOPICAL TERM
Topical term or geographic name entry element Рукописи
650 14 - SUBJECT ADDED ENTRY--TOPICAL TERM
Topical term or geographic name entry element Физиология
Holdings
Withdrawn status Lost status Source of classification or shelving scheme Damaged status Not for loan Collection Home library Current library Date acquired Serial enumeration / chronology Total checkouts Full call number Barcode Date last seen Price effective from Koha item type Public note
    Universal Decimal Classification     General Fundamental Scientific Library Fundamental Scientific Library 11/06/2018 Вып. 11   PД III/7062 FL0501591 11/06/2018 11/06/2018 Գրքեր / Books 30 Days Loan
    Universal Decimal Classification     General Fundamental Scientific Library Fundamental Scientific Library 12/06/2018 Вып. 11   РД III/7270 FL0500468 12/06/2018 12/06/2018 Գրքեր / Books 30 Days Loan


ՀՀ ԳԱԱ հիմնարար գիտական գրադարան
ՀՀ,Երևան 0019
Մարշալ Բաղրամյան 24/6
հեռախոս:(374-10) 52-47-50
Հետադարձ կապ

All site content, except where otherwise noted, is licensed under a
Creative Commons License